000 00609nam a2200205Ia 4500
003 GCL
008 140319s9999 xx 000 0 ara d
040 _aGCL /
_cGCL
082 0 4 _a894.35
_bن ج
100 1 _aناظم حكمت
245 1 0 _aالجمجمة : مأساة من ثلاثة فصول /
_cناظم حكمت
700 1 _aفاضل لقمان
300 _a118 ص
490 _aكتاب
_v0
650 0 4 _aالادب التركى
650 0 4 _aالمأساة
650 0 4 _aالادب التركى المترجم
650 0 4 _aالمسرحية التركية المترجمة
942 _2ddc
_cBK
999 _c42081
_d42081